Bihu, bihugeet aru asomiya badyajantra (Record no. 2287)
[ view plain ]
| 000 -LEADER | |
|---|---|
| fixed length control field | 00481cam a2200181ua 4500 |
| 008 - FIXED-LENGTH DATA ELEMENTS--GENERAL INFORMATION | |
| fixed length control field | 110816n ii |||gr||||Z||||||asm |
| 040 ## - CATALOGING SOURCE | |
| Transcribing agency | MAIN |
| 082 ## - DEWEY DECIMAL CLASSIFICATION NUMBER | |
| Classification number | 398.09145 |
| 245 11 - TITLE STATEMENT | |
| Title | Bihu, bihugeet aru asomiya badyajantra |
| Statement of responsibility, etc. | by Shiva Sharma |
| 250 ## - EDITION STATEMENT | |
| Edition statement | 1st ed. |
| 260 ## - PUBLICATION, DISTRIBUTION, ETC. | |
| Place of publication, distribution, etc. | Guwahati: |
| Name of publisher, distributor, etc. | Bani mandir, |
| Date of publication, distribution, etc. | 2003. |
| 300 ## - PHYSICAL DESCRIPTION | |
| Extent | 192p.: |
| Dimensions | 20cm. |
| 700 1# - ADDED ENTRY--PERSONAL NAME | |
| Personal name | Sharma, Shiva., |
| Relator term | |
| 942 ## - ADDED ENTRY ELEMENTS (KOHA) | |
| Koha item type | Books |
| 653 ## - INDEX TERM--UNCONTROLLED | |
| Uncontrolled term | Folklore |
| 653 ## - INDEX TERM--UNCONTROLLED | |
| Uncontrolled term | Bihu, bihugeet aru asomiya badyajantra |
| Withdrawn status | Lost status | Damaged status | Not for loan | Home library | Current library | Date acquired | Total Checkouts | Full call number | Barcode | Date last seen | Date last checked out | Copy number | Price effective from | Koha item type |
|---|---|---|---|---|---|---|---|---|---|---|---|---|---|---|
| Central Library, Naharkatiya College | Central Library, Naharkatiya College | 19/09/2020 | 1 | 398.09145 | SHA | 16305 | 29/06/2024 | 23/05/2022 | 1 | 19/09/2020 | Books |
